000 00748nam a22002177a 4500
003 SEM
005 20250325110719.0
008 250313s1390 Ir ||||gr|||||001|||Ir |d
020 _a9786005211254
040 _aSEM
_cSEM
041 _aIranian
080 _a930.271/C-51
100 _aچول هیون بائه
_q(Cheol Hyun Bae)
245 _aمتن ایلامی و بابلی کتیبه داریوش بزرگ در کوه بیستون /
_cچول هیون بائه (Cheol Hyun Bae)
246 _aThe Elamite and Babylonian Text of the Inscription of Darius the Great on Mount Bistoun /
260 _aS. l. :
_bS. n.,
_c1390.
_c[2008].
300 _a122 p ;
_c21 cm
650 _aArchaeology
_xinscriptions
653 _aՍԷՄ
942 _2udc
_cBK
999 _c76008
_d76008